Κατάλογος Βιβλιοθηκών Mediterranean College

Επενδύσεις / Ανάλυση και Διαχείριση (Record no. 1894)

MARC details
000 -LEADER
fixed length control field 01364cam a22002054a 4500
005 - ΗΜΕΡΟΜΗΝΙΑ ΚΑΙ ΩΡΑ ΤΕΛΕΥΤΑΙΑΣ ΕΝΗΜΕΡΩΣΗΣ
Πεδίο ελέγχου 20250605164022.0
008 - FIXED-LENGTH DATA ELEMENTS--GENERAL INFORMATION
Πεδίο ελέγχου σταθερού μήκους 250528s ||||||||||||||||||||||||d
035 ## - SYSTEM CONTROL NUMBER
System control number 16387
020 ## - ISBN
ISBN 60856820
040 ## - ΠΗΓΗ ΚΑΤΑΛΟΓΟΓΡΑΦΗΣΗΣ
Φορέας πρωτότυπης καταλογογράφησης MC Athens Campus Library
Γλώσσα καταλογογράφησης Ελληνικά, Μοντέρνα (1453-)
Modifying agency MC Athens Campus Library
Κανόνες περιγραφικής καταλογογράφησης AACR2
245 1# - ΤΙΤΛΟΣ ΚΑΙ ΔΗΛΩΣΗ ΥΠΕΥΘΥΝΟΤΗΤΑΣ
Τίτλος Επενδύσεις / Ανάλυση και Διαχείριση
260 ## - PUBLICATION, DISTRIBUTION, ETC.
Date of publication, distribution, etc. 1995
300 ## - PHYSICAL DESCRIPTION
Extent 264
520 ## - SUMMARY, ETC.
Summary, etc. Πρόλογος, Εισαγωγή στους Χρηματοοικονομικούς Ορισμούς, Μαθηματικά και Στατιστική, Επενδυτικός Κίνδυνος και οι Παράγοντες που τον Συνιστούν, Ανάλυση Ισολογισμών και Λογαριασμού Αποτελεσμάτων, Ανάλυση Τιμής Ομολόγου, Η Οικονομική Ζωή Ενός Ομολόγου και Χαρτοφυλάκιο Ομολόγων Απαλλαγμένο του Κινδύνου Αλλαγής Επιτοκίων, Εκτίμηση Αξίας Μετοχής, Ανάλυση Χαρτοφυλακίου και Διασπορά Κινδύνου, Τα Υποδείγματα CAPM και APT, Μέτρηση Απόδοσης Χαρτοφυλακίου, Βιβλιογραφία.
700 1# - ΠΡΟΣΘΕΤΗ ΑΝΑΓΡΑΦΗ--ΦΥΣΙΚΟ ΠΡΟΣΩΠΟ
Personal name Hartling
9 (RLIN) 2482
700 1# - ΠΡΟΣΘΕΤΗ ΑΝΑΓΡΑΦΗ--ΦΥΣΙΚΟ ΠΡΟΣΩΠΟ
Personal name Στάλιας Σπύρος Π
9 (RLIN) 2483
942 ## - ADDED ENTRY ELEMENTS (KOHA)
Koha item type Books
Holdings
Τύπος τεκμηρίου Βιβλιοθήκη Τρέχουσα τοποθεσία Barcode Αριθμός εισαγωγής Ημερομηνία απόκτησης Ταξιθετικό σύμβολο Αριθμός αντιτύπου Κατάσταση απόσυρσης Κατάσταση χαμένου Κατάσταση κατεστραμμένου Μη δανεισμός Σύνολο δανεισμών Ημερομηνία τελευταίας εμφάνισης Η τιμή ισχύει από
Books MC Athens Campus Library MC Athens Campus Library 9780000018939 4087 05/06/2025 332.6 STA 1           05/06/2025 05/06/2025

MC Athens Campus Library
Πατησίων 94 & Κοδριγκτώνος 13, 104 34
Πελλήνης 8 & Πατησίων 107, 112 51
Τ: +30 210 8899600

MC Thessaloniki Campus Library
Ίωνος Δραγούμη 21, 54625 | Ίωνος Δραγούμη 15, 54625
Τ: +30 2310 287779 – Τ: +30 2314 440300